000 00563nam a2200193Ia 4500
999 _c3768
_d3768
003 OSt
005 20200821123345.0
008 190216s9999||||xx |||||||||||||| ||und||
020 _a9788122419467
040 _coclc
082 _a628.5
_bKUM/E
100 _a Kumar De, Anil
_94265
245 0 _aEnviormental Chemistry /
_cAnil Kumar De ; Arnab Kumar De
250 _a6th Ed.
260 _bNew Age International Publishers,
_c2007.
_aNew Delhi:
300 _a339p
650 _aChemistry
942 _cBK
_2ddc
_h628.5
_iKUM/E
_k628.5
_mKUM/E